书目信息 |
| 题名: |
实用大学英语教程
|
|
| 作者: | 张道真 总主编 ;徐秋梅 , 蔡蕾 册主编 | |
| 分册: | 第三册 | |
| 出版信息: | 北京 中国人民大学出版社 2006 |
|
| 页数: | 213页 | |
| 开本: | 29cm | |
| 丛书名: | ||
| 单 册: | ||
| 中图分类: | H31 | |
| 科图分类: | ||
| 主题词: | 英语--高等学校--教材 , 英语 | |
| 电子资源: | ||
| ISBN: | 7-300-07668-8 | |
| 000 | 00999nam0 2200277 450 | |
| 001 | 070730000027 | |
| 005 | 20071015150940.68 | |
| 010 | @a7-300-07668-8@dCNY38.00 | |
| 035 | @a003339768 | |
| 100 | @a20070108d2006 em y0chiy0110 ea | |
| 101 | 0 | @achi@aeng |
| 102 | @aCN@b110000 | |
| 105 | @aa z 000yy | |
| 200 | 1 | @a实用大学英语教程@Ashi yong da xue ying yu jiao cheng@h第三册@f张道真总主编@g徐秋梅,蔡蕾册主编 |
| 210 | @a北京@c中国人民大学出版社@d2006 | |
| 215 | @a213页@c图@d29cm@e2光盘 | |
| 307 | @a附光盘:ISBN 7-900693-57-2,附练习册 | |
| 330 | @a本册为技能培养课程,供基本掌握专科阶段英语的本科学生或者进一步提高的专科学生使用,要求在第二册的基础上比较熟练地掌握英语语法,在听、说、读、写、译等方面有进一步的提高。 | |
| 606 | 0 | @a英语@x高等学校@j教材 |
| 606 | 0 | @a英语 |
| 690 | @aH31@v4 | |
| 701 | 0 | @a张道真@Azhang dao zhen@f(1926~)@4总主编 |
| 702 | 0 | @a徐秋梅@Axu qiu mei@4册主编 |
| 702 | 0 | @a蔡蕾@Acai lei@c(英语)@4册主编 |
| 801 | 0 | @aCN@c20071015 |
| 905 | @dH31@eZ0902 | |
| 实用大学英语教程.第三册/张道真总主编/徐秋梅,蔡蕾册主编.-北京:中国人民大学出版社,2006 |
| 213页:图;29cm+2光盘 |
| ISBN 7-300-07668-8:CNY38.00 |
| 本册为技能培养课程,供基本掌握专科阶段英语的本科学生或者进一步提高的专科学生使用,要求在第二册的基础上比较熟练地掌握英语语法,在听、说、读、写、译等方面有进一步的提高。 |
| ● |
| 相关链接 |
|
|
|
正题名:实用大学英语教程
索取号:H31/Z0902
 
预约/预借
| 序号 | 登录号 | 条形码 | 馆藏地/架位号 | 状态 | 备注 |
| 1 | 494731 | 204947317 | 语言库209/209语言库 90排1列6层/ [索取号:H31/Z0902] | 在馆 | |
| 2 | 494732 | 204947326 | 语言库209/209语言库 90排1列6层/ [索取号:H31/Z0902] | 在馆 | |
| 3 | 494733 | 204947335 | 语言库209/209语言库 90排1列6层/ [索取号:H31/Z0902] | 在馆 | |
| 4 | 650054 | 206500543 | 语言库209/209语言库 90排1列6层/ [索取号:H31/Z0902] | 在馆 | |
| 5 | 650055 | 206500552 | 语言库209/209语言库 90排1列6层/ [索取号:H31/Z0902] | 在馆 | |
| 6 | 650056 | 206500561 | 语言库209/209语言库 90排1列6层/ [索取号:H31/Z0902] | 在馆 |